| 000 | 00632naa a2200217 4500 | ||
|---|---|---|---|
| 001 | 180277 | ||
| 003 | ES-MaBCM | ||
| 005 | 20251016062615.0 | ||
| 008 | 101026s2010 esp|r0p 0 ||spa d | ||
| 021 | _axx | ||
| 035 | _a(OCoLC)1365198896 | ||
| 040 | _cES-MaBCM | ||
| 100 | 1 |
_aPerelli, Óscar _936158 |
|
| 245 | 1 | 0 |
_aTurismo español... _b: ¿y si no hubiera habido crisis? _cÓscar Perelli |
| 650 | 7 |
_aTurismo _960556 |
|
| 650 | 2 | 7 |
_aRecesión económica _958194 |
| 651 | 2 | 4 |
_aEspaña _9115342 |
| 773 | 0 |
_aEn: _t Economistas _dMadrid _w104402 _gAño XXVIII, n. 123 (marzo 2010), p. 100-111 |
|
| 908 | _aOCL | ||
| 942 | _cAREV | ||
| 999 |
_c180277 _d180277 |
||